| 000 | 01478nam a2200349Ia 4500 | ||
|---|---|---|---|
| 001 | ebr10404831 | ||
| 003 | CaPaEBR | ||
| 006 | m u | ||
| 007 | cr cn||||||||| | ||
| 008 | 090709s2010 mduab sb 001 0aeng d | ||
| 010 | _z 2009932290 | ||
| 020 | _z9780761848257 (pbk.) | ||
| 020 | _z9780761848264 (e-ISBN) | ||
| 040 |
_aCaPaEBR _cCaPaEBR |
||
| 035 | _a(OCoLC)667292717 | ||
| 050 | 1 | 4 |
_aE99.D1 _bD38 2010eb |
| 082 | 0 | 4 |
_a978.3004975243 _222 |
| 100 | 1 | _aDavis, Philip E. | |
| 245 | 1 | 4 |
_aThe scalping of the great Sioux nation _h[electronic resource] : _ba review of my life on the Rosebud and Pine Ridge Reservations / _cPhilip E. Davis. |
| 260 |
_aLanham, MD : _bHamilton Books, _cc2010. |
||
| 300 |
_aix, 175 p. : _bill., maps. |
||
| 504 | _aIncludes bibliographical references and index. | ||
| 533 |
_aElectronic reproduction. _bPalo Alto, Calif. : _cebrary, _d2010. _nAvailable via World Wide Web. _nAccess may be limited to ebrary affiliated libraries. |
||
| 650 | 0 |
_aDakota Indians _xHistory. |
|
| 650 | 0 |
_aDakota Indians _xGovernment relations _xHistory _y19th century. |
|
| 650 | 0 |
_aIndians, Treatment of _zNorth America. |
|
| 651 | 0 |
_aRosebud Indian Reservation (S.D.) _vBiography. |
|
| 651 | 0 |
_aPine Ridge Indian Reservation (S.D.) _vBiography. |
|
| 655 | 7 |
_aElectronic books. _2local |
|
| 710 | 2 | _aebrary, Inc. | |
| 856 | 4 | 0 |
_uhttp://site.ebrary.com/lib/rucke/Doc?id=10404831 _zAn electronic book accessible through the World Wide Web; click to view |
| 999 |
_c81756 _d81756 |
||